Statistics for Countries of the Roman Empire

Click here to take the quiz!

General Stats

  • This quiz has been taken 4,896 times
    (4,773 since last reset)
  • The average score is 45 of 51

Answer Stats

Answer% Correct
13France
98%
50United Kingdom
98%
15Germany
97%
18Italy
97%
43Spain
97%
12Egypt
96%
48Turkey
96%
16Greece
95%
36Portugal
95%
5Austria
93%
21Israel
93%
2Algeria
92%
7Belgium
92%
26Libya
92%
45Switzerland
92%
10Croatia
91%
20Iraq
91%
37Romania
91%
41Serbia
90%
46Syria
90%
47Tunisia
90%
1Albania
89%
3Andorra
89%
9Bulgaria
89%
19Iran
89%
42Slovenia
89%
51Vatican
89%
8Bosnia
88%
17Hungary
88%
34Morocco
88%
39San Marino
88%
22Jordan
87%
35Netherlands
87%
38Russia
87%
40Saudi Arabia
87%
25Lebanon
86%
30Malta
86%
4Armenia
85%
29Macedonia
85%
33Montenegro
85%
11Cyprus
84%
32Monaco
84%
49Ukraine
84%
14Georgia
83%
28Luxembourg
83%
23Kosovo
82%
27Liechtenstein
79%
6Azerbaijan
76%
31Moldova
76%
44Sudan
73%
24Kuwait
72%

Score Distribution

Percentile by Number Answered

Percent of People with Each Score

Your Score History

You have not taken this quiz since the last reset